000
00410nam a2200133Ia 4500
008
100328s9999 xx 000 0 und d
082
_b
56521
100
_a
समेळ अशोक
245
_a
कुसुम मनोहर लेले
260
_b
समााी
630
_a
कुसुम मनोहर लेले
730
_a
कुसुम मनोहर लेले
942
_c
BOOK
999
_c
543068
_d
543065